Statistics for Connor Price's Collaborations

Click here to take the quiz!

General Stats

  • This quiz has been taken 19 times
    (5 since last reset)
  • The average score is 16 of 40

Answer Stats

Song(s)Answer% Correct
Buddy, Chirp, VroomHoodie Allen
100%
Violet, Globe Cypher, AMGKilla
100%
Nobodies, Gasoline, Easy, Selfish, Bankroll, Swing, It's Going Down, Still Hot, Swordfish, Unfair, Big Pockets, Tuesday, Let Go, HOV (Remix), Riptide, No Bad Side, East CoastNic D
100%
John WickANAS
75%
Million CashArmani White
75%
Spinnin, Globe Cypher, CorrectBens
75%
I Gave Everything, HOV (Remix), Can't Give Up, East CoastGRAHAM
75%
DIP, Globe CypherKazuo
75%
Chuck Taylor, Globe CypherSIRI
75%
OvernightTommy Royale
75%
Marathon, Aces, Swing4Korners
50%
AcesAkintoye
50%
Not A Beaniebbno$
50%
Still BlueCaleb Mitchell
50%
Talk About Us, Start Again, Miss You (When You're Gone)Chloe Sagum
50%
CustomsHarsh Likhari
50%
Blue Shell, Globe CypherK.Keed
50%
NEW PHONEKtlyn
50%
False Alarm, Globe CypherLucca DL
50%
RubyOliver Cronin
50%
Can't Give UpPrinz
50%
Drop, Globe CypherZensery
50%
Sunny (Remix)Boney M.
25%
TrendsetterHaviah Mighty
25%
Courteney Cox, AcesIdris Elba
25%
All Of The AboveKurl
25%
Receipts, ThrillinLex Bratcher
25%
ReceiptsMatty Beats
25%
TombstoneYugoszn
25%
When You're Gone, Let Me DownBrea Price
0%
Gratefulcallmestevieray
0%
Let Me DownCMTT
0%
Love LanguageEvelyne Brochu
0%
UP!Forrest Frank
0%
Day OffIamCreed
0%
Don't Tell MeJohn Roa
0%
Just the Two of UsLucy Ellis
0%
The UsualShaqIsDope
0%
Pink Blue (Remix)Tsumayoki
0%
I.D.W.B.FVersvs
0%

Score Distribution

Percentile by Number Answered

Percent of People with Each Score

Your Score History

You have not taken this quiz since the last reset